Introduction to risk management and insurance / (Record no. 9714)

MARC details
000 -LEADER
fixed length control field 01250nam a22001817a 4500
005 - DATE AND TIME OF LATEST TRANSACTION
control field 20230616120154.0
008 - FIXED-LENGTH DATA ELEMENTS--GENERAL INFORMATION
fixed length control field 230616b ||||| |||| 00| 0 eng d
020 ## - INTERNATIONAL STANDARD BOOK NUMBER
International Standard Book Number 0136038727
050 ## - LIBRARY OF CONGRESS CALL NUMBER
Classification number HG8051.D69(9e)
100 ## - MAIN ENTRY--PERSONAL NAME
9 (RLIN) Dofman, Mart S.
245 ## - TITLE STATEMENT
Title Introduction to risk management and insurance /
Statement of responsibility, etc. Mart S. Dorfman.
250 ## - EDITION STATEMENT
Edition statement 9th ed.
260 ## - PUBLICATION, DISTRIBUTION, ETC.
Place of publication, distribution, etc. New Jersey :
Name of publisher, distributor, etc. Pearson Education Inc.,
Date of publication, distribution, etc. 2008.
300 ## - PHYSICAL DESCRIPTION
Extent xxxi, 567 p. :
Other physical details ill. ;
Dimensions 26 cm.
500 ## - GENERAL NOTE
General note Includes index.
505 ## - FORMATTED CONTENTS NOTE
Formatted contents note Contents: Fundamentals and terminology -- Defining the insurable event -- Risk management -- Insurance companies -- Insurance occupations -- The insurance market: the economic problem -- Insurance regulation -- Insurance contracts -- Basic property and liability insurance contracts -- Homeowners insurance (HO) -- The personal auto policy -- Life insurance policies -- <br/>Standard life insurance contracts provisions and options -- Annuities -- Medical expense and disability income insurance -- Advanced topics in risk management -- Commercial property insurance -- Commercial liability insurance -- Bonding, crime insurance, and reinsurance -- Employee benefits -- Social security -- Unemployment and worker's compensation insurance.<br/>
942 ## - ADDED ENTRY ELEMENTS (KOHA)
Source of classification or shelving scheme Library of Congress Classification
Koha item type Books
Holdings
Withdrawn status Lost status Source of classification or shelving scheme Damaged status Not for loan Home library Current library Shelving location Date acquired Total Checkouts Full call number Barcode Date last seen Copy number Price effective from Koha item type
    Library of Congress Classification     WISCONSIN INTERNATIONAL UNIVERSITY COLLEGE, GHANA - MAIN LIBRARY WISCONSIN INTERNATIONAL UNIVERSITY COLLEGE, GHANA - MAIN LIBRARY General Stacks 16/06/2023   HG8051.D69(9e) 9520/221/23 16/06/2023 1 16/06/2023 Books
    Library of Congress Classification     WISCONSIN INTERNATIONAL UNIVERSITY COLLEGE, GHANA - MAIN LIBRARY WISCONSIN INTERNATIONAL UNIVERSITY COLLEGE, GHANA - MAIN LIBRARY General Stacks 16/06/2023   HG8051.D691(9e) 9521/222/23 16/06/2023 2 16/06/2023 Books
    Library of Congress Classification     WISCONSIN INTERNATIONAL UNIVERSITY COLLEGE, GHANA - MAIN LIBRARY WISCONSIN INTERNATIONAL UNIVERSITY COLLEGE, GHANA - MAIN LIBRARY General Stacks 16/06/2023   HG8051.D692(9e) 9522/223/23 16/06/2023 3 16/06/2023 Books

If you have any concerns or questions; kindly contact the library


© Powered by WIUC ICT DIRECTORATE